| Поле | Название | Значение |
| |
Тип записи |
a |
| |
Библиографический уровень |
m |
| 001 |
Контрольный номер |
RU/IS/BASE/429720831 |
| 005 |
Дата корректировки |
20240207193137.4 |
| 010 |
Индекс ISBN |
__ |
| a |
ISBN |
5-7245-0352-2 |
| d |
Цена |
0 р. 65 к. |
| 9 |
Тираж |
50000 экз. |
| 100 |
Данные общей обработки |
__ |
| a |
Данные общей обработки |
20130813d2013 ||| 0rusy0189 ca |
| 101 |
Язык документа |
0_ |
| a |
Язык текста |
rus |
| 102 |
Страна публикации |
__ |
| a |
Страна публикации |
RU |
| 105 |
Кодированные данные (монография) |
__ |
| a |
Кодированные данные (монография) |
y###||||000|y |
| 200 |
Заглавие и сведения об ответственности |
1_ |
| a |
Заглавие |
О нефти и газе без формул |
| b |
Общее обозначение материала |
Текст |
| f |
Первые сведения об ответственности |
Е. Б. Цыркин, С. Н. Олегов |
| 210 |
Выходные данные |
1_ |
| a |
Место издания |
Ленинград |
| c |
Издательство |
Химия |
| d |
Дата издания |
1989 |
| 215 |
Физическое описание |
__ |
| a |
Объем |
157 с. |
| c |
Иллюстрации/тип воспроизводства |
ил. |
| 225 |
Серия |
0_ |
| a |
Серия |
Научно-популярная библиотека школьника |
| 300 |
Общие примечания |
__ |
| a |
Общие примечания |
Включен список литературы - 16 назв. |
| 606 |
Тематические рубрики |
1_ |
| a |
Основная рубрика |
Горное дело - Добыча нефти и газа |
| 606 |
Тематические рубрики |
1_ |
| a |
Основная рубрика |
Химические производства |
| 610 |
Ключевые слова |
0_ |
| a |
Ключевые слова |
нефть |
| a |
Ключевые слова |
газ |
| a |
Ключевые слова |
переработка нефти |
| a |
Ключевые слова |
переработка газа |
| a |
Ключевые слова |
поиск нефти |
| a |
Ключевые слова |
поиск газа |
| a |
Ключевые слова |
добыча газа |
| a |
Ключевые слова |
добыча нефти |
| a |
Ключевые слова |
энергоносители |
| a |
Ключевые слова |
сырье альтернативное |
| 686 |
Индексы других классификаций |
__ |
| a |
Классификационный индекс |
33 + 35 |
| a |
Классификационный индекс |
35 |
| 2 |
Код системы |
rubbk |
| 700 |
Автор |
_1 |
| a |
Фамилия |
Цыркин |
| b |
Имя (инициалы) |
Е. Б. |
| 701 |
Альтернативная интеллектуальная ответственность |
_1 |
| a |
Фамилия |
Олегов |
| b |
Имя (инициалы) |
С. Н. |
| 801 |
Источник записи |
_0 |
| a |
Страна |
RU |
| b |
Организация |
Ульяновская ОБДЮ |
| c |
Дата составления |
20130813 |
| g |
Правила каталогизации |
RCR |
| 801 |
Источник записи |
_1 |
| a |
Страна |
RU |
| b |
Организация |
Ульяновская ОБДЮ |
| c |
Дата составления |
20130813 |
| g |
Правила каталогизации |
RCR |
| 852 |
Данные о местонахождении |
__ |
| a |
Наименование организации |
Ульяновская ОБДЮ |
| i |
Авторский знак |
Ц 97 |
| j |
Шифр хранения |
33 |
| 901 |
Тип документа |
__ |
| t |
Тип документа |
m |
| 910 |
Корректоры записи |
__ |
| a |
Корректор записи |
Плотникова |
| 919 |
|
__ |
| a |
|
Плотникова |
| 938 |
Служебная информация |
__ |
| a |
Имя БД |
MarkBase |